Statistiques concernant Quel est le meilleur buteur de ce club

Cliquez ici pour prendre le quiz!

Statistiques générales

  • Ce quiz a été pris 200 fois
  • Le résultat moyen est 12 sur 24

Statistiques - réponses

Club, nationalité et nombre de butsRéponse% Correct
FC Barcelone (672) 🇦🇷Messi
100%
Real Madrid (450) 🇵🇹Ronaldo
99%
Bayern Munich (570) 🇩🇪Müller
92%
Paris Saint Germain (211) 🇨🇵Mbappé
86%
Manchester City (260) 🇦🇷Agüero
78%
Tottenham (278) 🏴󠁧󠁢󠁥󠁮󠁧󠁿Kane
75%
Arsenal (228) 🇨🇵Henry
74%
Santos (643) 🇧🇷Pelé
69%
Manchester United (253) 🏴󠁧󠁢󠁥󠁮󠁧󠁿Rooney
67%
AS Roma (307) 🇮🇹Totti
66%
Ajax Amsterdam (273) 🇳🇱Cruyff
59%
Napoli (148) 🇧🇪Mertens
58%
Juventus (289) 🇮🇹Del Piero
57%
Chelsea (211) 🏴󠁧󠁢󠁥󠁮󠁧󠁿Lampard
56%
Benfica (473) 🇵🇹Eusébio
55%
Lazio Rome (194) 🇮🇹Immobile
47%
Liverpool (346) 🏴󠁧󠁢󠁷󠁬󠁳󠁿Rush
35%
Inter Milan (284) 🇮🇹Meazza
21%
Olympique lyonnais (222) 🇨🇵Di Nallo
14%
Olympique de Marseille (194) 🇸🇪Andersson
11%
AC Milan (221) 🇸🇪Nordahl
8%
Atlético Madrid (172) 🇪🇸Aragonés
7%
FC Porto (355) 🇵🇹Gomes
4%
Aston Villa (244) 🏴󠁧󠁢󠁥󠁮󠁧󠁿Walker
2%

Distribution des résultats

Percentile par nombre de réponses

% des personnes avec chaque résultat

Votre développement - résultats

Vous n’avez pas pris ce quiz